Statistiques concernant Les 15 pays les moins peuplés d'Asie

Cliquez ici pour prendre le quiz!

Statistiques générales

  • Ce quiz a été pris 134 fois
  • Le résultat moyen est 12 sur 15

Statistiques - réponses

PopulationPays% Correct
2 334 029Qatar
88%
422 675Brunei
86%
1 314 089Bahreïn
84%
733 643Bhoutan
84%
2 742 711Koweït
84%
5 312 400Singapour
82%
3 623 000Oman
81%
3 060 631Arménie
79%
5 882 562Liban
79%
4 490 500Géorgie
78%
2 953 190Mongolie
75%
1 201 542Timor-Oriental
73%
393 595Maldives
72%
5 895 062Kirghizistan
62%
5 171 943Turkménistan
61%

Distribution des résultats

Percentile par nombre de réponses

% des personnes avec chaque résultat

Votre développement - résultats

Vous n’avez pas pris ce quiz